Applied Thermodynamics for Engineering Technologists / (Record no. 31513)
[ view plain ]
| 000 -LEADER | |
|---|---|
| fixed length control field | 00981fam a2200337 a 4500 |
| 001 - CONTROL NUMBER | |
| control field | 1370487 |
| 003 - CONTROL NUMBER IDENTIFIER | |
| control field | OSt |
| 005 - DATE AND TIME OF LATEST TRANSACTION | |
| control field | 20211230104717.0 |
| 008 - FIXED-LENGTH DATA ELEMENTS--GENERAL INFORMATION | |
| fixed length control field | 921020s1993 enka b 001 0 eng |
| 010 ## - LIBRARY OF CONGRESS CONTROL NUMBER | |
| LC control number | 92038042 |
| 020 ## - INTERNATIONAL STANDARD BOOK NUMBER | |
| International Standard Book Number | 0470219823 |
| 020 ## - INTERNATIONAL STANDARD BOOK NUMBER | |
| Canceled/invalid ISBN | 0582091934 |
| 035 ## - SYSTEM CONTROL NUMBER | |
| System control number | (OCoLC)26930555 |
| 035 ## - SYSTEM CONTROL NUMBER | |
| System control number | (OCoLC)ocm26930555 |
| 035 ## - SYSTEM CONTROL NUMBER | |
| System control number | (NNC)1370487 |
| 038 ## - RECORD CONTENT LICENSOR | |
| Staff Name | khadija |
| 040 ## - CATALOGING SOURCE | |
| Original cataloging agency | DLC |
| Transcribing agency | DLC |
| Modifying agency | DLC |
| 050 00 - LIBRARY OF CONGRESS CALL NUMBER | |
| Classification number | TJ265 |
| Item number | .E23 1993 |
| 082 00 - DEWEY DECIMAL CLASSIFICATION NUMBER | |
| Classification number | 621.4021 |
| Edition number | 20 |
| Author Mark | EAS |
| 100 1# - MAIN ENTRY--PERSONAL NAME | |
| Personal name | Eastop, T. D. |
| Fuller form of name | (Thomas D.) |
| 9 (RLIN) | 87142 |
| 245 10 - TITLE STATEMENT | |
| Title | Applied Thermodynamics for Engineering Technologists / |
| Statement of responsibility, etc. | T.D. Eastop, A. McConkey. |
| 250 ## - EDITION STATEMENT | |
| Edition statement | 5th ed. |
| 260 ## - PUBLICATION, DISTRIBUTION, ETC. | |
| Place of publication, distribution, etc. | Essex, England : |
| Name of publisher, distributor, etc. | Longman ; |
| Place of publication, distribution, etc. | New York : |
| Name of publisher, distributor, etc. | Wiley, |
| Date of publication, distribution, etc. | 1993. |
| 300 ## - PHYSICAL DESCRIPTION | |
| Extent | xix, 715 p. : |
| Other physical details | ill. ; |
| Dimensions | 25 cm. |
| 504 ## - BIBLIOGRAPHY, ETC. NOTE | |
| Bibliography, etc. note | Includes bibliographical references and index. |
| 563 ## - BINDING INFORMATION | |
| Binding note | PB |
| 650 #0 - SUBJECT ADDED ENTRY--TOPICAL TERM | |
| Topical term or geographic name entry element | Thermodynamics. |
| 9 (RLIN) | 87143 |
| 700 1# - ADDED ENTRY--PERSONAL NAME | |
| Personal name | McConkey, A. |
| Fuller form of name | (Allan), |
| Dates associated with a name | 1927- |
| 9 (RLIN) | 87144 |
| 942 ## - ADDED ENTRY ELEMENTS (KOHA) | |
| Source of classification or shelving scheme | |
| Koha item type | Book |
| Withdrawn status | Lost status | Source of classification or shelving scheme | Damaged status | Not for loan | Permanent Location | Current Location | Shelving location | Date acquired | Total Checkouts | Full call number | Barcode | Date last seen | Date last checked out | Price effective from | Koha item type |
|---|---|---|---|---|---|---|---|---|---|---|---|---|---|---|---|
| School of Mechanical & Manufacturing Engineering (SMME) | School of Mechanical & Manufacturing Engineering (SMME) | Text Books | 06/24/2015 | 1 | 621.4021 EAS | SMME-07 | 06/16/2022 | 06/06/2022 | 06/24/2015 | Book |
